NHBC Standards 2020 (Record no. 122062)

MARC details
000 -LEADER
fixed length control field 01537cam a2200253 4500
008 - FIXED-LENGTH DATA ELEMENTS--GENERAL INFORMATION
fixed length control field 241202t2020 xxk|||||o|||| 00| 0 eng d
041 ## - LANGUAGE CODE
Language code of text/sound track or separate title eng
050 ## - LIBRARY OF CONGRESS CALL NUMBER
Classification number 690.25
110 ## - MAIN ENTRY--CORPORATE NAME
Corporate name or jurisdiction name as entry element National House Building Council
245 ## - TITLE STATEMENT
Title NHBC Standards 2020
260 ## - PUBLICATION, DISTRIBUTION, ETC.
Place of publication, distribution, etc. London
Name of publisher, distributor, etc. National House-Building Council
Date of publication, distribution, etc. 2020
300 ## - PHYSICAL DESCRIPTION
Extent 59p.
520 ## - SUMMARY, ETC.
Summary, etc. Includes<br/>Chapter 3: Concrete & its reinforcement; cold weather working; timber preservation<br/>Chapter 4: Foundations including: Building near trees; The effects of trees on shrinkable soils; Excavation of foundations; Foundations in shrinkable soils; Design and construction of foundations in shrinkable soils; Foundation depths for specific conditions in shrinkable soil; Heave precautions; New drainage; Foundation depth charts; Foundation depth tables<br/>Chapter 5: Substructure, ground floors, drainage and basements<br/>chapter 6: superstructure including external masonry and timber walls; staircases; doors, windows and glazing; fireplaces, chimneys, flues, curtain walling and cladding, light steel framing, render<br/>Chapter 7: roofs<br/>Chapter 8: internal services; low or zero carbon technologies; ventilation<br/>Chapter 9: finishes<br/>Chapter 10: garages, drives, paths, landscaping<br/>
650 ## - SUBJECT ADDED ENTRY--TOPICAL TERM
Topical term or geographic name entry element BUILDING DEFECTS
650 ## - SUBJECT ADDED ENTRY--TOPICAL TERM
Topical term or geographic name entry element FOUNDATIONS
650 ## - SUBJECT ADDED ENTRY--TOPICAL TERM
Topical term or geographic name entry element NEW BUILDS
650 ## - SUBJECT ADDED ENTRY--TOPICAL TERM
Topical term or geographic name entry element ROOFS
650 ## - SUBJECT ADDED ENTRY--TOPICAL TERM
Topical term or geographic name entry element SHRINKABLE SOILS
650 ## - SUBJECT ADDED ENTRY--TOPICAL TERM
Topical term or geographic name entry element TREE ROOTS
650 ## - SUBJECT ADDED ENTRY--TOPICAL TERM
Topical term or geographic name entry element TIMBER
856 ## - ELECTRONIC LOCATION AND ACCESS
Uniform Resource Identifier <a href="https://nhbc-standards.co.uk/2020/">https://nhbc-standards.co.uk/2020/</a>
Link text Access from the NHBC
942 ## - ADDED ENTRY ELEMENTS (KOHA)
Suppress in OPAC 0
Source of classification or shelving scheme Dewey Decimal Classification
948 ## - LOCAL PROCESSING INFORMATION (OCLC); SERIES PART DESIGNATOR (RLIN)
c (OCLC) 04/03/1997
Holdings
Withdrawn status Lost status Damaged status Not for loan Home library Current library Shelving location Date acquired Total Checkouts Date last seen Price effective from Koha item type
        Virtual Virtual Online 02/12/2024   02/12/2024 02/12/2024 Online material